[Event "Iasi op"]
[Site "Iasi"]
[Date "2014.05.12"]
[Round "3"]
[White "Azamfirei, Smaranda Georgiana"]
[Black "Ghita, Levi"]
[Result "1-0"]
[WhiteElo "1425"]
[BlackElo "1682"]
[PlyCount "77"]
[EventDate "2014.05.10"]
[EventType "swiss"]
[EventRounds "9"]
[EventCountry "ROU"]
[SourceTitle "CBM 160 Extra"]
[Source "ChessBase"]
[SourceDate "2014.07.01"]
[SourceVersion "1"]
[SourceVersionDate "2014.07.01"]
[SourceQuality "1"]

1. d4 Nf6 2. Nf3 g6 3. g3 Bg7 4. Bg2 0-0 5. 0-0 d6 6. c4 c5 7. dxc5 dxc5 8. Nc3 a6 9. h3 Nc6 10. Qxd8 Rxd8 11. Be3 Be6 12. Bxc5 Bxc4 13. Rad1 Nd7 14. Bd4 e5 15. Be3 Rac8 16. Nd2 Be6 17. Nde4 Bf8 18. Ng5 Re8 19. Nxe6 Rxe6 20. Rxd7 Nb4 21. Bxb7 Rb8 22. Ba7 Rbe8 23. Nd5 Nxd5 24. Bxd5 R6e7 25. Rxe7 Rxe7 26. Be3 Rd7 27. Bc4 a5 28. Bb6 Rb7 29. Bxa5 Rxb2 30. Rd1 Rc2 31. Bb3 Rxe2 32. Kf1 Re4 33. Rd7 Bc5 34. Bxf7+ Kf8 35. Bb3 Be7 36. f3 Re3 37. Kf2 Bc5 38. Bb4 Rd3+ 39. Bxc5+ 1-0

[Event "Iasi op"]
[Site "Iasi"]
[Date "2014.05.10"]
[Round "1"]
[White "Fedotov, Eduard"]
[Black "Ghita, Levi"]
[Result "1-0"]
[WhiteElo "2218"]
[BlackElo "1682"]
[PlyCount "59"]
[EventDate "2014.05.10"]
[EventType "swiss"]
[EventRounds "9"]
[EventCountry "ROU"]
[SourceTitle "CBM 160 Extra"]
[Source "ChessBase"]
[SourceDate "2014.07.01"]
[SourceVersion "1"]
[SourceVersionDate "2014.07.01"]
[SourceQuality "1"]

1. e4 c5 2. Nf3 d6 3. d4 cxd4 4. Nxd4 Nf6 5. Nc3 a6 6. Be2 e5 7. Nb3 Be7 8. 0-0 0-0 9. Be3 Be6 10. f4 exf4 11. Rxf4 Nc6 12. Nd5 Bxd5 13. exd5 Ne5 14. a4 Qd7 15. Rb4 Rfe8 16. Kh1 Rab8 17. Ba7 Ra8 18. Bg1 Rab8 19. Na5 b5 20. axb5 axb5 21. Nb3 g6 22. Ra7 Qf5 23. Bxb5 Rxb5 24. Rxb5 Nfg4 25. Qe2 Bg5 26. Nd4 Qf4 27. Nf3 Kf8 28. Nxg5 Qxg5 29. Rbb7 Nxh2 30. Qf2 1-0